Ghost of Yotei Characters - Statistics

General Stats
  • This quiz has been taken 110 times
    107 since last reset
  • The average score is 11 of 18
Answer Stats
Hint Answer % Correct
The Main Character Atsu
97%
Boss in Ishikari Plain Oni
97%
The Favoured Son Dragon
92%
The Drunk Son Spider
92%
Boss in Teshio Ridge Kitsune
91%
The Main Boss Lord Saito
88%
Main Characters Sibling Jubei
74%
Is Unrivalled in Combat Takezo the Unrivalled
63%
Is an Armourer Ginji
48%
The Main Characters Niece Kiku
48%
The Sibling's Matsumae Title Lord Kitamori
45%
Scavenger of the Dead Taro the Scavenger
45%
Master of Dual Katana Hanbei
40%
Sells Cartography Isaburo
38%
Bounty Broker Kojiro
34%
Master of the Yari Sensei Takahashi
34%
Master of Kusarigama Master Enomoto
31%
Master of the Odachi Master Yoshida
25%
No matching quizzes found
Score Distribution
Percent of People with Each Score
Percentile by Number Answered
Your Score History
You have not taken this quiz since the last reset